La Casa de Austria en Venezuela durante la Guerra de Sucesión Española (Record no. 35319)

MARC details
000 -LEADER
campo de control de longitud fija 00617nam a2200181 i 4500
001 - NÚMERO DE CONTROL
campo de control 35319
003 - IDENTIFICADOR DE NÚMERO DE CONTROL
campo de control ES-MaACL
005 - FECHA Y HORA DE LA ÚLTIMA TRANSACCIÓN
campo de control 20230906155115.0
007 - CAMPO FIJO DE DESCRIPCIÓN FÍSICA--INFORMACIÓN GENERAL
campo de control de longitud fija t|
008 - DATOS DE LONGITUD FIJA--INFORMACIÓN GENERAL
campo de control de longitud fija 030212s1963 sp ||||1| spa d
100 1# - ENTRADA PRINCIPAL--NOMBRE DE PERSONA
Nombre de persona Borges, Ana Dolores.
9 (RLIN) 30457
245 13 - MENCIÓN DEL TÍTULO
Título La Casa de Austria en Venezuela durante la Guerra de Sucesión Española
Resto del título : (1702-1715) /
Mención de responsabilidad, etc. Analola Borges ; prólogo de Alexander Randa.
250 ## - MENCION DE EDICION
Mención de edición [1ª ed.].
260 ## - PUBLICACIÓN, DISTRIBUCIÓN, ETC.
Lugar de publicación, distribución, etc. [Santa Cruz de Tenerife :
Nombre del editor, distribuidor, etc. s.n.,
Fecha de publicación, distribución, etc. 1963] (
Fabricante Goya)
300 ## - DESCRIPCIÓN FÍSICA
Extensión 164 p., 4 lám. ;
Dimensiones 23 cm.
700 1# - ENTRADA AGREGADA--NOMBRE PERSONAL
Nombre de persona Randa, Alexander,
Término indicativo de función/relación
9 (RLIN) 95403
852 ## - LOCALIZACIÓN
Ubicación ES-MaACL
Número de control de estantería C-26620
Sublocalización o colección R.54579
Holdings
Estatus retirado Estado de pérdida Estado de daño No para préstamo Biblioteca de origen Biblioteca actual Ubicación en estantería Fecha de adquisición Fuente de adquisición Total de préstamos Signatura topográfica completa Código de barras Visto por última vez Precio de reemplazo Tipo de ítem Koha
        Biblioteca del Ateneo de Madrid Biblioteca del Ateneo de Madrid Depósito 2 17/01/2008     C-26620 1036947 23/02/2023 23/02/2023 Libro impreso